تنقیدی اشارے : / Tanqīdī ishāre / (Record no. 84847)
[ view plain ]
| 000 -LEADER | |
|---|---|
| fixed length control field | 00699nam a22002057a 4500 |
| 001 - CONTROL NUMBER | |
| control field | 84847 |
| 003 - CONTROL NUMBER IDENTIFIER | |
| rucl marc code | BD-RjUL |
| 005 - DATE AND TIME OF LATEST TRANSACTION | |
| control field | 20250423111405.0 |
| 008 - FIXED-LENGTH DATA ELEMENTS--GENERAL INFORMATION | |
| fixed length control field | 240422s1963 pk ||||| |||| 00| 0 urd d |
| 035 ## - SYSTEM CONTROL NUMBER | |
| System control number | (BD-RjUL) 84847 |
| 040 ## - CATALOGING SOURCE | |
| Original cataloging agency | BD-RjUL |
| Language of cataloging | eng |
| Transcribing agency | BD-RjUL |
| 041 ## - LANGUAGE CODE | |
| Language code of text/sound track or separate title | urd |
| 082 ## - DEWEY DECIMAL CLASSIFICATION NUMBER | |
| Edition number | 23 |
| Classification number | 891.43909 |
| Author mark and year | SAT 1963 |
| 100 ## - MAIN ENTRY--PERSONAL NAME | |
| Personal name | سرور، آل احمد،, Sarwar, Al Ahmad |
| Dates associated with a name | 1911-2002 |
| 9 (RLIN) | 12398 |
| 245 10 - TITLE STATEMENT | |
| Title | تنقیدی اشارے : / Tanqīdī ishāre / |
| Statement of responsibility, etc. | آل احمد سرور.;; Al Ahmad Sarwar |
| 260 ## - PUBLICATION, DISTRIBUTION, ETC. (IMPRINT) | |
| Place of publication, distribution, etc. | اردو اکیڈمی سندھ ;; Urdu Academy Sindh , |
| Name of publisher, distributor, etc. | سندھSindh : |
| Date of publication, distribution, etc. | 1963 |
| 300 ## - PHYSICAL DESCRIPTION | |
| Pagination | 255 p. ; |
| Size | 18 cm |
| 650 ## - SUBJECT ADDED ENTRY--TOPICAL TERM | |
| Topical term or geographic name as entry element | Urdu Litarature |
| Form subdivision | Criticism |
| 9 (RLIN) | 12399 |
| 942 ## - ADDED ENTRY ELEMENTS (KOHA) | |
| Source of classification or shelving scheme | Dewey Decimal Classification |
| Koha item type | Books |
| Lost status | Source of classification or shelving scheme | Damaged status | Not for loan | Collection code | Permanent Location | Current Location | Shelving location | Date acquired | Cost, normal purchase price | Total Checkouts | Full call number | Date last seen | Copy number | Koha item type | Source of acquisition |
|---|---|---|---|---|---|---|---|---|---|---|---|---|---|---|---|
| Dewey Decimal Classification | Not For Loan | Non-fiction | Central Library, University of Rajshahi | Central Library, University of Rajshahi | Reading Room | 23/04/2025 | 3.50 | U 891.43909 SAT 1963 | 23/04/2025 | C-1 | Books | ||||
| Dewey Decimal Classification | Non-fiction | Central Library, University of Rajshahi | Central Library, University of Rajshahi | General Stacks | 03/07/2025 | U 891.43909 SAT 1963 | 03/07/2025 | C-2 | Books | ||||||
| Dewey Decimal Classification | Non-fiction | Central Library, University of Rajshahi | Central Library, University of Rajshahi | General Stacks | 30/07/2025 | U 891.43909 SAT 1963 | 30/07/2025 | C-3 | Books | ||||||
| Dewey Decimal Classification | Non-fiction | Central Library, University of Rajshahi | Central Library, University of Rajshahi | General Stacks | 04/02/1967 | 3.50 | U 891.43909 SAT 1963 | 14/09/2025 | C-4 | Books | feroz & sons |